| 000 | 00366nam a22001577a 4500 | ||
|---|---|---|---|
| 003 | macl | ||
| 005 | 20170108153938.0 | ||
| 008 | 170108b xxu||||| |||| 00| 0 eng d | ||
| 040 | _cmacl | ||
| 082 |
_220 _a530 |
||
| 100 |
_aNCERT _94590 |
||
| 245 |
_aPhysics Part 2 _bClass 11 _hEngisg |
||
| 260 |
_aDilhi _bNCRER _c105 |
||
| 650 |
_aPhysics _966470 |
||
| 942 |
_2ddc _cBK |
||
| 999 |
_c55803 _d55803 |
||